00309nam a2200133Ia 4500008004100000041000800041082001600049100001900065245002800084260002000112300000800132365001600140700001900156230718s9999 xx 000 0 und d aeng a741.16bGOL aGoldstein I.L. aTraining In Orgnization c2001bWadsworth a410 cRs.b507.00 aGoldstein I.L.